Statistics for Top 10 Liverpool Premier League Scorers

Click here to take the quiz!

General Stats

  • This quiz has been taken 360 times
  • The average score is 8 of 10

Answer Stats

PlayerGoals% Correct
Mohamed Salah155
99%
Sadio Mané90
95%
Steven Gerrard120
92%
Roberto Firmino82
87%
Luis Suárez69
84%
Michael Owen116
84%
Robbie Fowler126
80%
Fernando Torres65
72%
Daniel Sturridge51
62%
Dirk Kuyt51
47%

Score Distribution

Percentile by Number Answered

Percent of People with Each Score

Your Score History

You have not taken this quiz